AGRICULTURAL RESEARCH JOURNAL OF KERALA (Record no. 12550)

MARC details
000 -LEADER
fixed length control field 00528nam a2200157Ia 4500
022 ## - INTERNATIONAL STANDARD SERIAL NUMBER
ISSN 0002-1628
245 #0 - TITLE STATEMENT
Title AGRICULTURAL RESEARCH JOURNAL OF KERALA
246 ## - VARYING FORM OF TITLE
Title proper/short title Journal of Tropical Agriculture
260 ## - PUBLICATION, DISTRIBUTION, ETC. (IMPRINT)
Name of publisher Agricultrual College and Research Institute(upto V9);Kerala Agricultural University(v10 onwards)
Place of publication Tvm
310 ## - CURRENT PUBLICATION FREQUENCY
Current publication frequency HY
500 ## - GENERAL NOTE
General note Ending Volume & Year: 30, 1992
500 ## - GENERAL NOTE
General note Missing Volume: 2-4;26
500 ## - GENERAL NOTE
General note Starting Volume & Year: 1, 1961
942 ## - ADDED ENTRY ELEMENTS (KOHA)
Koha item type Bound Journal
Holdings
Withdrawn status Lost status Damaged status Not for loan Home library Current library Date acquired Accession Number Koha item type
      Bound journals RRII Library RRII Library 31/12/2021 12412J Bound Journal